00230nam a2200085Ia 4500008004100000100002000041245003300061260004100094300000900135190216s9999||||xx |||||||||||||| ||und|| aPanneerselvam R 0aData Base Management Systems bPrentice Hall Of India Pvt Ltdc2002 a277p